000 00828nam a2200277 a 4500
008
020 _a0627022146 (pbk.)
090 _aHD39.5
_bHUG
100 1 _aHugo, W.M.J.
245 1 0 _aPurchasing and materials management /
_cW.M.J. Hugo, D.C. Van Rooyen, [and] J.A. Badenhorst.
260 _aPretoria :
_bJ.L. van Schaik,
_c1997.
300 _a3rd ed.
300 _a397 p. :
_bill. ;
_c25cm.
500 _aIncludes index.
504 _aIncludes bibliographical references.
650 0 _aIndustrial procurement.
650 0 _aMaterials management.
700 _aBadenhorst, J.A.
700 _aVan Rooyen, D.C.
907 _a.b1030356x
_b01-12-11
_c17-11-11
003
005 20250106135445.0
040 _cNUST
049 _aMAIN
942 _cBOOKS
_kHD39.5
_mHUG
_01
999 _c140090
_d140090